| 000 | 00430nam a2200157 a 4500 | ||
|---|---|---|---|
| 005 | 20140412111333.0 | ||
| 008 | 050418s19uu xx 00 eng d | ||
| 050 |
_aBB _bL778 1993 |
||
| 245 | _aLittle Red Riding Hood. | ||
| 260 |
_aHong Kong : _bGallery Graphics., Inc, _c1993. |
||
| 300 | _a1 v. (unp.) ; ill. | ||
| 440 | _aGallery Gold Little Classics | ||
| 650 | _aFolktales | ||
| 650 | _aChildren stories | ||
| 999 |
_c104969 _d104969 |
||